| 000 | 00476nam a22001577a 4500 | ||
|---|---|---|---|
| 005 | 20251108164728.0 | ||
| 008 | 250721s1996 xx 000 0 ara d | ||
| 082 | 1 | 4 | _a810.9/عبد |
| 100 | 1 | _aعبد المنان، حسان | |
| 245 | 1 | 0 |
_aالسرقات العلمية : _bدراسة و تقسيما و علاجا / |
| 264 | 1 |
_aبيروت : _bدار ابن حزم، _c1996. |
|
| 300 | _a186 ص | ||
| 650 | 1 | 7 | _aالأدب العربي |
| 942 |
_2ddc _cBK |
||
| 999 |
_c12886 _d12886 |
||